| 000 | 004590000a22001810004500 | ||
|---|---|---|---|
| 003 | MACL | ||
| 005 | 20150821150800.0 | ||
| 008 | 150821b xxu||||| |||| 00| 0 eng d | ||
| 040 |
_aMACL _cMACL |
||
| 041 | _aEnglish | ||
| 082 | _a623/GUP | ||
| 100 |
_aGupta, Ashin Das _95771 |
||
| 245 | _aIndian Merchants And The Decline Of Surat 1700 1̜750 | ||
| 260 |
_bManohar _c1994 _aNew Delhi |
||
| 350 | _a450 | ||
| 650 |
_aTechnology _96519 |
||
| 942 |
_cBK _k623 _2ddc |
||
| 999 |
_c2528 _d2528 |
||